000 00811cab a2200253 4500
001 ABS53691
008 090401t1995 xxu||||| |||| 00| 0 eng d
035 _a(Sirsi) u5948
041 _aeng
245 _aFrame works
260 _c1995
350 _a0
490 _aBuilding
_v260(7911) 6 October 1995, 55-85(18)
520 _aStructures special, with features on structural materials and methods of the future, underground homes, an inexpensive space truss design, the Severn Bridge, and a propless steel arch design.
650 _aSEVERN BRIDGE
650 _aSPACE TRUSSES
650 _aSTEEL ARCHES
650 _aSTRUCTURAL DESIGN
650 _aSTRUCTURAL MATERIALS
650 _aUNDERGROUND BUILDINGS
690 _aBUILT ENVIRONMENT-CONSTRUCTION DESIGN
942 _n0
948 _c04/03/1997
999 _c3564
_d3564